Enciclopedia de oro / (Record no. 11234)

000 -CABECERA
fixed length control field 01143nam a22002297a 4500
003 - IDENTIFICADOR DEL NÚMERO DE CONTROL
control field AR-CdUCM
008 - DATOS DE LONGITUD FIJA--INFORMACIÓN GENERAL
fixed length control field 190403b ||||| |||| 00| 0 spa d
040 ## - FUENTE DE LA CATALOGACIÓN
Agencia/entidad que catalogó originalmente la obra MUNICIPALIDAD PROVINCIAL DEL CUSCO
Entidad que transcribió la catalogación BIBLIOTECA MUNICIPAL DEL CUSCO
082 ## - NÚMERO DE LA CLASIFICACIÓN DECIMAL DEWEY
No. de Clasificación ES / 036 /
Notacion interna M79
245 ## - MENCIÓN DE TÍTULO
Título Enciclopedia de oro /
260 ## - PUBLICACIÓN, DISTRIBUCIÓN, ETC.
Lugar de publicación, distribución, etc. México :
Nombre de la editorial, distribuidor, etc. Edit. Novaro Mexico,
Fecha de publicación, distribución, etc. 1960.
300 ## - DESCRIPCIÓN FÍSICA
Nº de Páginas Extensión 16 tomos ;
Otros detalles físicos Ilustraciones,mapas, graficos, dibujos,
Dimensiones 26 cm.
505 ## - NOTA DE CONTENIDO CON FORMATO
Nota de contenido formateada Contenido :t.2 : agricultura a bancos -- t.3: Bandas a camufalje -- t.4: Campamento a colonial -- t.5: Color a dioses --t.6: Diques a estrellas -- t.7: Estrella a gobierno --t.8: Goethe a Hungria --t.9 :Icebergs a lapices --t.11: Mar a Napoleón -- t.12: Natación a peces -- t.13: Peces a Quito --t.14: Radar a soldado --t.15: Sombrero a universidad --t.16: Universo a Zurich-Indice.
650 ## - PUNTO DE ACCESO ADICIONAL DE MATERIA--TÉRMINO DE MATERIA
Descriptor Educación secundaria
9 (RLIN) 4648
650 ## - PUNTO DE ACCESO ADICIONAL DE MATERIA--TÉRMINO DE MATERIA
Descriptor Enciclopedia escolar
9 (RLIN) 28492
700 ## - PUNTO DE ACCESO ADICIONAL--NOMBRE DE PERSONA
Nombre Personal Bertha Morris Parker (editor)
9 (RLIN) 28493
700 ## - PUNTO DE ACCESO ADICIONAL--NOMBRE DE PERSONA
Nombre Personal Roberto D. Bezucha (editor)
9 (RLIN) 28494
700 ## - PUNTO DE ACCESO ADICIONAL--NOMBRE DE PERSONA
Nombre Personal Sergio Maderi Diaz (traductor)
9 (RLIN) 28495
942 ## - ELEMENTOS DE PUNTO DE ACCESO ADICIONAL (KOHA)
Fuente de clasificación
Tipo de item Libros-BMC
945 ## - PROCESAMIENTO DE INFORMACIÓN LOCAL (OCLC)
Catalogador rjall
AAAA-MM-DD - Fecha de ingreso o modificacion 2019-04-05
Holdings
Estado de retiro (separado) Fuente de clasificación o esquema de estanterías Estado dañado Ubicación Sala donde se ubica Nombre de la colección Fecha de adquisición o compra Costo, precio normal en soles Signatura topográfica Código de Barras Última vez visto (Koha) Tipo de ítem (Koha)
No     Sala de Infantes Sala de Infantes Children's Area 2019-04-03 30.00 ES / 036 / M79 / t.4 SI00001023 2019-04-03 Libros-BMC
No     Sala de Infantes Sala de Infantes Children's Area 2019-04-03 30.00 ES / 036 / M79 / t.6 SI00001024 2019-04-03 Libros-BMC
No     Sala de Infantes Sala de Infantes Children's Area 2019-04-03 30.00 ES/036/M79 /t.7 SI00001025 2019-04-03 Libros-BMC
No     Sala de Infantes Sala de Infantes Children's Area 2019-04-03 30.00 ES / 036 / M79 / t.8 SI00001026 2019-04-03 Libros-BMC
No     Sala de Infantes Sala de Infantes Children's Area 2019-04-03 30.00 ES / 036 / M79 / t.9 SI00001027 2019-04-03 Libros-BMC
No     Sala de Infantes Sala de Infantes Children's Area 2019-04-03 30.00 ES / 036 / M79 / t.11 SI00001028 2019-04-03 Libros-BMC
No     Sala de Infantes Sala de Infantes Children's Area 2019-04-03 30.00 ES / 036 / M79 / t.13 SI00001029 2019-04-03 Libros-BMC
No     Sala de Infantes Sala de Infantes Children's Area 2019-04-03 30.00 ES / 036 / M79 / t.14 SI00001030 2019-04-03 Libros-BMC
No     Sala de Infantes Sala de Infantes Children's Area 2019-04-03 30.00 ES / 036 / M79 / t.15 SI00001031 2019-04-03 Libros-BMC
No     Sala de Infantes Sala de Infantes Children's Area 2019-04-03 30.00 ES / 036 / M79 / t.16 SI00001032 2019-04-03 Libros-BMC
No     Sala de Infantes Sala de Infantes Children's Area 2019-04-03 30.00 ES / 036 / M79 / t.5 SI00001033 2019-04-03 Libros-BMC
No     Sala de Infantes Sala de Infantes Children's Area 2019-04-04 30.00 ES / 036 / M79 / t.2 SI00001194 2019-04-04 Libros-BMC
No     Sala de Infantes Sala de Infantes Children's Area 2019-04-05 30.00 ES / 036 / M79 / t.3 SI00001345 2019-04-05 Libros-BMC
No     Sala de Infantes Sala de Infantes Children's Area 2019-04-05 30.00 ES / 036 / M79 / t.1 SI00004672 2019-06-13 Libros-BMC

Powered by Koha